| 000 | 00419nam a22001457a 4500 | ||
|---|---|---|---|
| 003 | UA-OsUOA | ||
| 001 | 7747 | ||
| 007 | ta | ||
| 008 | 20040629b un ||||| |||| 00| 0 ukr d | ||
| 942 | _cSA | ||
| 040 |
_aUA-OsUOA _cUA-OsUOA _dUA-OsUOA |
||
| 955 | _a0 | ||
| 773 | 0 |
_w0 _tДивослово (українська мова й література в навчальних закладах) _dКиїв _d2004 _g№6 |
|
| 650 | 7 | _2UDC | |
| 999 |
_c293908 _d293908 |
||